Farsalia o Guerra Civil.

Saved in:
Bibliografiske detaljer
Hovedforfatter: Lucano, Marco Anneo (autor)
Andre forfattere: Bartolomé Gómez, Jesús (edición)
Format: Ukendt
Sprog:engelsk
Udgivet: Madrid, España: Cátedra, 2003.
Udgivelse:1ª.edición.
Serier:Letras Universales,
Fag:
Tags: Tilføj Tag
Ingen Tags, Vær først til at tagge denne postø!

MARC

LEADER 00000 a2200000 4500
003 CL-VaPUC
005 20230818100914.0
008 230808t2003 ||||| |||| 00| 0 eng d
999 |c 441513  |d 441511 
020 |a 84-376-2110-0 
040 |c Pontificia Universidad Católica de Valparaíso 
082 |2 22  |a 873 LUC 2003 
100 |a Lucano, Marco Anneo  |9 517267  |e autor 
245 |a Farsalia o Guerra Civil. 
250 |a 1ª.edición. 
260 |a Madrid, España:   |b Cátedra,   |c 2003.  
300 |a 670 páginas.  
490 |a Letras Universales,   |n  357. 
583 |k GC  |c 20230808 
600 0 |9 517267  |a Lucano, Marco Anneo  |x Poeta romano   |x Epopeyas  
650 0 |9 301816  |a Poesías latinas 
650 0 |9 265355  |a Poesías épicas latinas  
700 |9 884066  |a Bartolomé Gómez, Jesús   |e edición 
942 |2 ddc  |c BK 
952 |0 0  |1 0  |2 ddc  |4 0  |6 873_000000000000000_LUC_2003  |7 0  |8 R  |9 591140  |a BIBEDU  |b BIBEDU  |c MCIRC  |d 2023-08-04  |e 3  |g 25516.00  |i 5658310  |l 1  |o 873 LUC 2003  |p 5658310  |r 2023-09-04  |s 2023-08-25  |t 1  |v 25516.00  |w 2023-08-04  |y BK_R  |k LIT